000 01622cam a22003011i 4500
003 SA-RiAUC
005 20260317124754.0
008 260212q19001999le g l 000 0 ara c
040 _aSA-RiAUC
_bara
_cSA-RiAUC
_erda
043 _aa-le---
082 0 4 _a346.5
090 _aم ن 346.5
_bك ت ا
245 0 0 _aكتاب مختصر الشريعة أو المجلة القضائية وقانون الأحوال الشخصية للمسيحيين في لبنان على عهد الشهابيين /
_cجمعه عبد الله قراعلي ؛ تقديم الأب بولس مسعد.
246 3 0 _aمختصر الشريعة أو المجلة القضائية وقانون الأحوال الشخصية للمسيحيين في لبنان على عهد الشهابيين
246 3 0 _aقانون الأحوال الشخصية للمسيحيين في لبنان على عهد الشهابيين
264 1 _aبيروت :
_bبولس مسعد الحلبي اللبناني،
_c[بين 1900 و1999]
300 _a157 صفحة ؛
_c29 سم.
336 _aنص
_btxt
_2rdacontent
_3كتاب
337 _aبدون وسيط
_bn
_2rdamedia
338 _aمجلد
_bnc
_2rdacarrier
490 1 _aنصوص ودروس
_v8
650 7 _aقانون المرافعات
_zلبنان
_2aucsh
700 1 _aمسعد، بولس بطرس،
_cالبطريرك
_d1806-1890
_eمقدم.
700 1 _aقراعلي، عبد الله،
_d1672-1742
_eجامع.
830 0 _aنصوص ودروس (المطبعة الكاثوليكية للآباء اليسوعيين)
_v8
942 _2ddc
_cRBOOK COPY
_n0
949 _aSA-JeALM
_d260212
_umohamedma123
_n1
999 _c14667
_d14667